000 01555cam a22004574i 4500
003 PE-LiUPU
005 20250731173501.0
008 150616s r 000 0 d
020 _a0800616480
035 _a(Sirsi) i9780800616489
040 _aPE-LiUPU
_bspa
_cPE-LiUPU
_erda
049 _aPRUA
082 0 4 _a224.06
_bK68
_221
100 1 _aKoch, Klaus,
_eautor.
245 1 4 _aThe Prophets :
_bthe Assyrian Period.
_n1.
264 1 _aPhiladelphia :
_bFortress Press,
_c1983.
300 _a182 páginas ;
_c21 centímetros
336 _atext
_2rdacontent
337 _aunmediated
_2rdamedia
338 _avolume
_2rdacarrier
505 0 _aPrelude -- Unconditional propheccy of doom at the beginning of the Assyrian period -- Prophets of the day of decision: The end of the Assyrian period.
526 _aSEG42
526 _aSEG41
526 _aSEG40
526 _aSEG39
526 _aP94
526 _aP87
526 _aP86
526 _aP85
526 _aP77
526 _aP76
526 _aP35
650 0 4 _aPROFETAS BIBLICOS - ASIRIA.
910 _ajck
_bjvq
_cjck
942 _2ddc
_cBOOK
949 _a224.06 K68 1
_wDEWEY
_c1
_i40282
_lCCODEBUL1
_mBUL
_r0
_sY
_tBOOK
_u2015-6-16
_xTEOLOGIA
_zUNKNOWN
_0COMPRA
_o.STAFF. Colección General
994 _aC0
_bPEPRU
596 _a1
999 _a224.06 K68 1
_wDEWEY
_c58085
_i40282
_f2021-11-11
_g5
_lCCODEBUL1
_mBUL
_r0
_sY
_tBOOK
_u2015-6-16
_xTEOLOGIA
_zUNKNOWN
_0COMPRA
_o.STAFF. Colección General
_d58085
980 _81
_gALBERTO SANCHEZ Responsable de Automatización